Textbook of comparative Physiology

Gespeichert in:
Bibliographische Detailangaben
1. Verfasser: Rogers, Charles Gardner
Format: Buch
Sprache:Englisch
Veröffentlicht: New York, USA McGraw-Hill 1938
Ausgabe:Segunda edición
Schlagworte:
Tags: Tag hinzufügen
Keine Tags, Fügen Sie den ersten Tag hinzu!

MARC

LEADER 00000nam a2200000 a 4500
001 UCT5555
003 CL-VaPUC
005 20241121094921.0
008 961212e19380000US |||||||||||||||||eng|d
999 |c 254460  |d 254458 
040 |c Pontificia Universidad Católica de Valparaíso 
082 0 4 |a 571.1 ROG 1938  |2 21 
100 0 |a Rogers, Charles Gardner  |9 375104 
245 1 0 |a Textbook of comparative Physiology 
250 |a Segunda edición 
260 0 3 |a New York, USA  |b McGraw-Hill  |c 1938 
300 |a 715 páginas 
583 |a last modification  |c 19961212 00:00:00  |k Rodrigo Vera 
650 7 |a FISIOLOGIA  |2 CL-VaPUC  |9 375105 
650 7 |a FISIOLOGIA COMPARADA  |2 CL-VaPUC  |9 269585 
650 0 |a Células   |9 269548 
650 0 |a Fisiología celular   |9 261425 
650 0 |a Moléculas   |9 259584 
650 0 |a Átomos  |9 259583 
650 7 |a OSMOSIS  |2 CL-VaPUC  |9 313541 
650 7 |a LIQUIDOS CORPORALES  |2 CL-VaPUC  |9 361622 
650 0 |a Respiración   |9 343794 
650 0 |a Enzimas  |9 262984 
650 7 |a DIGESTION  |2 CL-VaPUC  |9 334429 
650 0 |a Reproducción  |9 269783 
942 |c BK  |2 ddc 
945 |d 19961212 00:00:00  |a paguirre